[Event "Moscow op U26"]
[Site "Moscow"]
[Date "2012.02.05"]
[Round "9"]
[White "Yarullina, Alina"]
[Black "Arnatskaya, Zoya"]
[Result "1/2-1/2"]
[WhiteElo "2109"]
[BlackElo "1859"]
[PlyCount "113"]
[EventDate "2012.01.28"]
[EventType "swiss"]
[EventRounds "9"]
[EventCountry "RUS"]
[SourceTitle "EXT 2013"]
[Source "ChessBase"]
[SourceDate "2012.11.22"]
[SourceVersion "1"]
[SourceVersionDate "2012.11.22"]
[SourceQuality "1"]

1. e4 e6 2. d3 d5 3. Nd2 Nf6 4. Ngf3 c5 5. g3 Nc6 6. Bg2 Be7 7. 0-0 b6 8. Re1 0-0 9. e5 Nd7 10. Nf1 Bb7 11. h4 Qc7 12. Bf4 d4 13. N1h2 Nb4 14. Ng4 Nd5 15. Bg5 Bxg5 16. hxg5 Rae8 17. Nd2 f5 18. gxf6 gxf6 19. exf6 N5xf6 20. Nxf6+ Nxf6 21. Ne4 Kh8 22. a4 Re7 23. Qe2 Qe5 24. a5 Nxe4 25. Bxe4 Bxe4 26. Qxe4 Qxe4 27. Rxe4 Ref7 28. axb6 axb6 29. Re2 Re7 30. Ra6 Rb8 31. f4 Kg7 32. f5 Kf6 33. Rxe6+ Rxe6 34. fxe6 Kxe6 35. Ra7 h5 36. Rh7 Kf5 37. Kg2 Kg6 38. Rd7 Rf8 39. b4 Rf5 40. b5 Rf6 41. Rc7 Kf5 42. Kh3 Kg5 43. Rc6 Rg6 44. Rc8 Rf6 45. Kg2 Re6 46. Rg8+ Rg6 47. Rh8 Rh6 48. Rc8 Re6 49. Kf3 Re3+ 50. Kf2 Re6 51. Rc6 Kf5 52. Rc8 Kg4 53. Rf8 Kg5 54. Rg8+ Rg6 55. Re8 Kf6 56. Kg2 Kf5 57. Kh3 1/2-1/2

[Event "Moscow op-F (Women)"]
[Site "Moscow"]
[Date "2011.01.30"]
[Round "2"]
[White "Arnatskaya, Zoya"]
[Black "Kiparenko, Galina"]
[Result "1-0"]
[WhiteElo "1867"]
[BlackElo "2079"]
[PlyCount "71"]
[EventDate "2011.01.29"]
[EventType "swiss"]
[EventRounds "9"]
[EventCountry "RUS"]
[SourceTitle "CBM 140 Extra"]
[Source "ChessBase"]
[SourceDate "2011.03.01"]
[SourceVersion "1"]
[SourceVersionDate "2011.03.01"]
[SourceQuality "1"]

1. e4 c5 2. Nf3 Nc6 3. c3 a6 4. d4 cxd4 5. cxd4 e6 6. Nc3 Bb4 7. Bd2 b5 8. d5 Na5 9. a3 Bc5 10. b4 Bxf2+ 11. Kxf2 Nc4 12. Bxc4 bxc4 13. Be3 Nf6 14. h3 Bb7 15. Qd4 0-0 16. Bg5 Rc8 17. e5 h6 18. Bh4 g5 19. exf6 e5 20. Qg4 Qb6+ 21. Kf1 Qxf6 22. Bg3 Qg6 23. Nxe5 Qf6+ 24. Qf3 Qg6 25. Nxd7 Rfe8 26. Nf6+ Kh8 27. Nxe8 Rxe8 28. Rd1 f5 29. Bf2 Qf7 30. h4 g4 31. Qf4 Kh7 32. Qxc4 Rc8 33. Qd3 Rd8 34. h5 Bc8 35. Na4 Be6 36. dxe6 1-0

[Event "Moscow op-C (Women)"]
[Site "Moscow"]
[Date "2010.02.07"]
[Round "9.35"]
[White "Saduakassova, Dinara"]
[Black "Arnatskaya, Zoya"]
[Result "1-0"]
[WhiteElo "2100"]
[BlackElo "1861"]
[PlyCount "75"]
[EventDate "2010.01.30"]
[EventType "swiss"]
[EventRounds "9"]
[EventCountry "RUS"]
[SourceTitle "EXT 2023"]
[Source "ChessBase"]
[SourceDate "2022.10.05"]
[SourceVersion "1"]
[SourceVersionDate "2022.10.05"]
[SourceQuality "1"]

1. d4 d5 2. Nf3 Nf6 3. g3 e6 4. Bg2 c5 5. 0-0 Nc6 6. c4 dxc4 7. Qa4 Bd7 8. Qxc4 cxd4 9. Nxd4 Rc8 10. Nc3 Qb6 11. Nxc6 Bxc6 12. Be3 Qa5 13. Bxc6+ Rxc6 14. Qb3 b6 15. Qb5 Qxb5 16. Nxb5 a6 17. Na7 Rc2 18. Rfc1 Rxc1+ 19. Rxc1 Nd5 20. Rc8+ Kd7 21. Bd4 b5 22. e4 Ne7 23. Rb8 f5 24. f3 Ng6 25. Rb7+ Ke8 26. Nc6 Rg8 27. Ra7 e5 28. exf5 exd4 29. fxg6 hxg6 30. Ne5 g5 31. Kf1 g6 32. Ke2 b4 33. Kd3 a5 34. Kxd4 a4 35. Rxa4 Ke7 36. Kd5 Kf6 37. Ra6+ Kf5 38. Ng4 1-0

[Event "Wch U16 Girls"]
[Site "Kemer"]
[Date "2009.11.21"]
[Round "10"]
[White "Arnatskaya, Zoya"]
[Black "Udapitiyage, Samasha Sayanjalee"]
[Result "1-0"]
[WhiteElo "1893"]
[BlackElo "1740"]
[PlyCount "56"]
[EventDate "2009.11.12"]
[EventType "swiss"]
[EventRounds "11"]
[EventCountry "TUR"]
[SourceTitle "EXT 2010"]
[Source "ChessBase"]
[SourceDate "2010.11.25"]
[SourceVersion "1"]
[SourceVersionDate "2010.11.25"]
[SourceQuality "1"]

1. e4 c5 2. Nf3 d6 3. d4 cxd4 4. Nxd4 Nf6 5. Nc3 a6 6. Be2 e6 7. a4 Nbd7 8. 0-0 b6 9. f4 Bb7 10. Bf3 Be7 11. Qe2 0-0 12. Kh1 Qc7 13. g4 Rfc8 14. g5 Ne8 15. f5 exf5 16. Nxf5 Ne5 17. Bg2 Bf8 18. Bf3 Rd8 19. Nd5 Bxd5 20. exd5 Qb7 21. Bg2 Qc7 22. Ra3 Qc4 23. Qf2 b5 24. axb5 axb5 25. Rc3 Qb4 26. Nd4 Qa4 27. Nc6 f6 28. Nxd8 Rxd8 1-0

[Event "EU-ch U16 Girls 19th"]
[Site "Fermo"]
[Date "2009.09.08"]
[Round "8"]
[White "Bogdan, Ekaterina"]
[Black "Arnatskaya, Zoya"]
[Result "1-0"]
[WhiteElo "1943"]
[BlackElo "1847"]
[PlyCount "69"]
[EventDate "2009.08.31"]
[EventType "swiss"]
[EventRounds "9"]
[EventCountry "ITA"]
[SourceTitle "CBM 132 Extra"]
[Source "ChessBase"]
[SourceDate "2009.11.03"]
[SourceVersion "1"]
[SourceVersionDate "2009.11.03"]
[SourceQuality "1"]

1. e4 c5 2. Nf3 e6 3. d4 cxd4 4. Nxd4 Nf6 5. Nc3 d6 6. Bd3 a6 7. 0-0 b5 8. a3 Bb7 9. f4 Qc7 10. Kh1 Be7 11. f5 e5 12. Nb3 Nbd7 13. Qf3 0-0 14. Be3 Rac8 15. Rad1 Nb6 16. Bxb6 Qxb6 17. Nd5 Bxd5 18. exd5 Qb7 19. Be4 Bd8 20. Qe2 Bb6 21. g4 Nxe4 22. Qxe4 Rc4 23. Qg2 Rfc8 24. c3 Qe7 25. Nd2 R4c7 26. f6 Qf8 27. fxg7 Qxg7 28. Ne4 Rd8 29. Rf6 Rcd7 30. Rf5 Kh8 31. Qh3 f6 32. Nxf6 Rf7 33. Rdf1 Rdf8 34. Nxh7 Kg8 35. Nxf8 1-0

[Event "EU-ch U16 Girls 19th"]
[Site "Fermo"]
[Date "2009.09.07"]
[Round "7"]
[White "Arnatskaya, Zoya"]
[Black "Warmelink, Evie"]
[Result "1/2-1/2"]
[WhiteElo "1847"]
[BlackElo "1921"]
[PlyCount "105"]
[EventDate "2009.08.31"]
[EventType "swiss"]
[EventRounds "9"]
[EventCountry "ITA"]
[SourceTitle "CBM 132 Extra"]
[Source "ChessBase"]
[SourceDate "2009.11.03"]
[SourceVersion "1"]
[SourceVersionDate "2009.11.03"]
[SourceQuality "1"]

1. e4 c5 2. Nf3 d6 3. d4 cxd4 4. Nxd4 Nf6 5. Nc3 e6 6. Be2 Be7 7. 0-0 0-0 8. Be3 Nc6 9. f4 Bd7 10. Qe1 Nxd4 11. Bxd4 Bc6 12. Bd3 Nd7 13. Qg3 e5 14. Be3 exf4 15. Rxf4 Ne5 16. Bd4 Bf6 17. Raf1 Nf3+ 18. Qxf3 Bxd4+ 19. Kh1 Qc7 20. Bc4 Be8 21. Bb3 Bxc3 22. bxc3 Rc8 23. Qh5 Qe7 24. R1f3 Rc5 25. Qh3 h6 26. Rg3 Rg5 27. Qh4 Qe5 28. Rgf3 Rh5 29. Qf2 Kh7 30. g4 Rg5 31. Qxa7 h5 32. Qd4 hxg4 33. Qxe5 dxe5 34. Rf5 Rxf5 35. Rxf5 f6 36. Bd5 b6 37. Rf1 Bd7 38. Rb1 b5 39. c4 bxc4 40. Bxc4 Rc8 41. Bd3 Ra8 42. Bc4 Rc8 43. Bd3 Bc6 44. Kg1 Kg6 45. Kf2 Kg5 46. Kg3 Ra8 47. Rb6 Be8 48. Bc4 g6 49. Bd5 Ra4 50. Rb8 Bd7 51. Rb7 Bc8 52. Rb8 Bd7 53. Rb7 1/2-1/2

[Event "EU-ch U16 Girls 19th"]
[Site "Fermo"]
[Date "2009.09.04"]
[Round "5"]
[White "Arnatskaya, Zoya"]
[Black "Schut, Lisa"]
[Result "1/2-1/2"]
[WhiteElo "1847"]
[BlackElo "2212"]
[PlyCount "79"]
[EventDate "2009.08.31"]
[EventType "swiss"]
[EventRounds "9"]
[EventCountry "ITA"]
[SourceTitle "CBM 132 Extra"]
[Source "ChessBase"]
[SourceDate "2009.11.03"]
[SourceVersion "1"]
[SourceVersionDate "2009.11.03"]
[SourceQuality "1"]

1. e4 c5 2. c3 d5 3. exd5 Qxd5 4. d4 e6 5. Nf3 Nf6 6. c4 Qd8 7. Nc3 cxd4 8. Qxd4 Bd7 9. Bf4 Nc6 10. Qd2 Qa5 11. Bd3 Be7 12. 0-0 0-0 13. a3 e5 14. b4 Qc7 15. Nb5 Qb8 16. Nxe5 Nxe5 17. Bxe5 Qxe5 18. Rfe1 Qh5 19. Rxe7 Rad8 20. Qe2 Bxb5 21. cxb5 Qh4 22. g3 Qd4 23. Rd1 Qc3 24. Re3 Qc7 25. Bf5 Rxd1+ 26. Qxd1 g6 27. Bh3 Rd8 28. Rd3 Rxd3 29. Qxd3 Qe5 30. Bc8 Qc7 31. Bh3 Qe5 32. Qe3 Ne4 33. Bg2 Qa1+ 34. Bf1 f5 35. Kg2 b6 36. Bc4+ Kg7 37. Qd3 Qb2 38. Qe3 Qa1 39. Bd5 Qe5 40. Bxe4 1/2-1/2

[Event "EU-ch U16 Girls 19th"]
[Site "Fermo"]
[Date "2009.08.31"]
[Round "1"]
[White "Arnatskaya, Zoya"]
[Black "Foisor, Mihaela Veronica"]
[Result "0-1"]
[WhiteElo "1847"]
[BlackElo "2123"]
[PlyCount "96"]
[EventDate "2009.08.31"]
[EventType "swiss"]
[EventRounds "9"]
[EventCountry "ITA"]
[SourceTitle "CBM 132 Extra"]
[Source "ChessBase"]
[SourceDate "2009.11.03"]
[SourceVersion "1"]
[SourceVersionDate "2009.11.03"]
[SourceQuality "1"]

1. e4 e6 2. Nc3 d5 3. d4 Nf6 4. e5 Nfd7 5. Nf3 c5 6. dxc5 Bxc5 7. Bd3 Nc6 8. Qe2 a6 9. a4 Qc7 10. Bf4 Nd4 11. Qd1 Nxf3+ 12. Qxf3 Nxe5 13. Qg3 f6 14. 0-0 Bd6 15. Rfe1 0-0 16. Ne2 Rd8 17. Nd4 Nxd3 18. Bxd6 Qxd6 19. cxd3 Qxg3 20. hxg3 e5 21. Nb3 d4 22. Nd2 Bf5 23. Ne4 Rac8 24. Rac1 Bxe4 25. dxe4 Kf7 26. Kf1 Ke7 27. Ke2 Rc6 28. f4 Rdc8 29. Rxc6 Rxc6 30. Kd3 Rb6 31. Kc2 Rb4 32. Rh1 h6 33. Ra1 Kd6 34. Ra3 Rc4+ 35. Kd2 Rb4 36. Kc2 h5 37. f5 Ke7 38. Ra1 Kf7 39. Rh1 Rxa4 40. Rxh5 Ra1 41. Kd2 Rg1 42. Rh2 b5 43. g4 Rb1 44. Kc2 Re1 45. Kd3 Re3+ 46. Kc2 Rxe4 47. Rh8 Rxg4 48. Ra8 Rxg2+ 0-1

[Event "RUS-chB U16 Girls"]
[Site "Dagomys"]
[Date "2009.04.22"]
[Round "8"]
[White "Efremova, Daria"]
[Black "Arnatskaya, Zoya"]
[Result "0-1"]
[WhiteElo "1897"]
[BlackElo "1896"]
[PlyCount "84"]
[EventDate "2009.04.15"]
[EventType "swiss"]
[EventRounds "9"]
[EventCountry "RUS"]
[SourceTitle "EXT 2010"]
[Source "ChessBase"]
[SourceDate "2010.11.25"]
[SourceVersion "1"]
[SourceVersionDate "2010.11.25"]
[SourceQuality "1"]

1. e4 c5 2. Nf3 e6 3. d4 cxd4 4. Nxd4 Nf6 5. Nc3 d6 6. Be3 a6 7. Nb3 Be7 8. f3 b5 9. Qd2 Nbd7 10. 0-0-0 Qc7 11. Nb1 Ne5 12. Qf2 Rb8 13. g4 Nfd7 14. Rg1 Nc4 15. Bxc4 bxc4 16. Nd4 Qb7 17. b3 a5 18. Nd2 cxb3 19. cxb3 Nc5 20. Nc4 a4 21. Na5 Qc7 22. Ndc6 Rb5 23. Bxc5 Rxc5+ 24. Kb1 Rxa5 25. Nxa5 Qxa5 26. Qd4 axb3 27. axb3 Bf6 28. Qa4+ Qxa4 29. bxa4 Ke7 30. a5 Bd7 31. Rd3 Ra8 32. Ra3 Bd4 33. Rd1 Bb6 34. a6 Bc5 35. Ra5 Bc8 36. e5 Rxa6 37. exd6+ Bxd6 38. Rh5 h6 39. g5 Ra5 40. Rg1 Rxg5 41. Rhxg5 hxg5 42. Rxg5 Kf6 0-1

[Event "Wch U16 Girls"]
[Site "Vung Tau"]
[Date "2008.10.23"]
[Round "5"]
[White "Le, Hoang Tran Chau"]
[Black "Arnatskaya, Zoya"]
[Result "1-0"]
[WhiteElo "2041"]
[BlackElo "1499"]
[PlyCount "102"]
[EventDate "2008.10.20"]
[EventType "swiss"]
[EventRounds "11"]
[EventCountry "VIE"]
[SourceTitle "EXT 2009"]
[Source "ChessBase"]
[SourceDate "2008.11.26"]
[SourceVersion "1"]
[SourceVersionDate "2008.11.26"]
[SourceQuality "1"]

1. d4 d5 2. Nf3 Nf6 3. c4 e6 4. Nc3 Nbd7 5. Bg5 Bb4 6. Qb3 c5 7. e3 Qa5 8. Bxf6 Nxf6 9. Nd2 0-0 10. Bd3 b5 11. cxb5 c4 12. Nxc4 dxc4 13. Bxc4 Bd7 14. 0-0 Bxc3 15. bxc3 Ne4 16. Rfc1 Nd2 17. Qb4 Qxb4 18. cxb4 Nxc4 19. Rxc4 Bxb5 20. Rc5 a6 21. Rac1 Bd7 22. f3 Rfc8 23. Kf2 Kf8 24. e4 Ke7 25. Ke3 Rcb8 26. Rb1 a5 27. b5 a4 28. Kd3 Ra5 29. Kc4 Rb6 30. a3 f6 31. Rb2 Ra7 32. Rb4 Kd6 33. Rb2 Ra8 34. Rb4 e5 35. dxe5+ fxe5 36. Rd5+ Ke6 37. Rb2 Rab8 38. Rb1 Kf6 39. Rxd7 Rc8+ 40. Kd3 Rc5 41. Rd5 Rc7 42. Kd2 Rcb7 43. Rb2 Rc7 44. Rc2 Rcb7 45. Rcc5 Re6 46. Kc3 Ra7 47. Kb4 h6 48. Rc6 Rb7 49. Rxe6+ Kxe6 50. Kxa4 Rc7 51. b6 Rb7 1-0